000 00275nam a22001337a 4500
008 170227b xxu||||| |||| 00| 0 eng d
020 _a9780071378147
041 _aeng
080 _a617
100 _a5
101 _aSHK
245 _aSURGERY
_cWAPNICK.S
942 _2udc
_cBK
999 _c6287
_d6287